000 00827pam a2200253 a 4500
999 _c4609
_d4609
001 1915237
003 GBCCL
005 20241126110522.0
008 850923s1985 tnu 000 0 eng
010 _a 85021769
020 _a0840790414 :
_c$9.95
040 _aDLC
_cDLC
_dDLC
050 0 0 _aBT127.2
_b.S75 1985
082 0 0 _a231.74
_219
_bSTA
100 1 _aStanley, Charles F.
_9218
245 1 0 _aHow to listen to God /
_cCharles Stanley.
260 _aNashville, Tenn. :
_bOliver-Nelson Books,
_cc1985.
300 _a162 p. ;
_c22 cm.
650 0 _aRevelation
_xChristianity.
_98492
650 0 _aListening
_xReligious aspects
_xChristianity.
_98493
856 4 2 _3Publisher description
_uhttp://www.loc.gov/catdir/enhancements/fy0609/85021769-d.html
906 _a7
_bcbc
_corignew
_d1
_eocip
_f19
_gy-gencatlg
942 _2ddc
_cBK